[Event "Ch Poland (w)"]
[Site "Warsaw (Poland)"]
[Round "8"]
[White "Aksiuczyc Monika (POL)"]
[Black "Socko Monika (POL)"]
[Result "0-1"]
[WhiteElo "2257"]
[BlackElo "2310"]

1.c4 g6 2.Nc3 Bg7 3.g3 e5 4.Bg2 d6 5.d3 Nc6 6.Rb1 f5 7.e3 Nf6 8.Nge2 O-O 9.O-O
g5 10.f4 h6 11.Nd5 Nxd5 12.Bxd5+ Kh7 13.Nc3 gxf4 14.exf4 Ne7 15.Bg2 c6 16.Ne2
Be6 17.b3 b5 18.Bb2 a5 19.Kh1 Rb8 20.Qc2 Qd7 21.Rbd1 c5 22.cxb5 Rxb5 23.Nc3
Rbb8 24.Na4 Nd5 25.Rde1 Nb4 26.Qb1 Nxa2 27.Qxa2 Bxb3 28.Nxc5 dxc5 29.Qxa5 Bd5
30.Bxe5 Bxe5 31.Rxe5 Bxg2+ 32.Kxg2 Rb2+ 33.Rf2 Qc6+ 34.Kg1 Rfb8 35.Qxc5 Rb1+
36.Rf1 Rxf1+ 37.Kxf1 Qh1+ 38.Kf2 Rb2+ 39.Ke3 Qg1+ 40.Kf3 Qg2+ {#R} 0-1

[Event "Ch Europe (juniors) (under 18) (g)"]
[Site "Zagan (Poland)"]
[Round "3"]
[White "Hagesaether Nina (NOR)"]
[Black "Kiseleva Natalia (UKR)"]
[Result "0-1"]
[WhiteElo "2102"]
[BlackElo "2260"]

1.c4 g6 2.g3 Bg7 3.Bg2 d6 4.Nc3 e5 5.d3 Nc6 6.Rb1 a5 7.a3 f5 8.e3 Nf6 9.Nge2
O-O 10.Nd5 Be6 11.Nec3 Rb8 12.b4 axb4 13.axb4 Ne7 14.O-O c6 15.Nxf6+ Bxf6
16.Ne2 d5 17.c5 Qd7 18.d4 e4 19.Bd2 g5 20.b5 Ng6 21.f4 exf3 22.Bxf3 Qg7 23.Bg2
f4 24.bxc6 bxc6 25.Rxb8 Rxb8 26.Kh1 fxe3 27.Bxe3 Re8 28.Qd2 Bg4 29.Bf3 Bxf3+
30.Rxf3 Qe7 31.h3 h5 32.Ng1 g4 33.hxg4 hxg4 34.Rf1 Qe4+ 35.Qg2 Qxe3 36.Rxf6
Kg7 {#R} 0-1

[Event "It (open)"]
[Site "Arco (Italy)"]
[Round "5"]
[White "Nadenau Oskar (GER)"]
[Black "Luciani Valerio (ITA)"]
[Result "0-1"]
[WhiteElo "1970"]
[BlackElo "2180"]

1.c4 e5 2.Nc3 Nc6 3.g3 g6 4.Bg2 Bg7 5.d3 d6 6.e3 Nge7 7.Nge2 O-O 8.O-O Be6
9.a3 Qd7 10.Nd5 Rae8 11.Nec3 Nd8 12.e4 c6 13.Ne3 Bh3 14.f4 Bxg2 15.Kxg2 f5
16.Bd2 Ne6 17.Rb1 exf4 18.exf5 fxe3 19.fxe6 Qxe6 20.Qe2 Nf5 21.Rbe1 exd2
22.Qxe6+ Rxe6 23.Rxe6 Bxc3 24.Rd1 Be5 25.Rxd2 Kf7 {#R} 0-1

[Event "It (open)"]
[Site "Auckland (New Zealand)"]
[Round "7"]
[White "Hare Tim (NZL)"]
[Black "Bennett Hilton (NZL)"]
[Result "1-0"]
[WhiteElo "2172"]
[BlackElo "1989"]

1.g3 g6 2.Bg2 Bg7 3.c4 e5 4.Nc3 Nc6 5.d3 d6 6.Nf3 f5 7.O-O Nf6 8.Rb1 a5 9.a3
O-O 10.b4 h6 11.b5 Ne7 12.a4 g5 13.Nd2 f4 14.Nde4 Nxe4 15.Nxe4 Qe8 16.b6 Qh5
17.bxc7 Bh3 18.Rxb7 Bxg2 19.Kxg2 g4 20.f3 Qh3+ 21.Kg1 fxg3 22.hxg3 d5 23.cxd5
Nxd5 24.Qb3 gxf3 25.Qxd5+ Kh7 26.Rxf3 Rxf3 27.exf3 Rf8 28.Rb8 Rxf3 29.Ng5+
{#r} 1-0

[Event "Staatsliga B South 1996/97"]
[Site "Austria"]
[Round "6"]
[White "Wegerer Fred (AUT)"]
[Black "Schlosser Michael (AUT)"]
[Result "0-1"]
[WhiteElo "2320"]
[BlackElo "2380"]

1.g3 g6 2.Bg2 Bg7 3.c4 e5 4.Nc3 d6 5.d3 Nc6 6.Rb1 f5 7.b4 a6 8.e3 Nf6 9.Nge2
O-O 10.O-O g5 11.f4 gxf4 12.gxf4 Kh8 13.Nd5 Nxd5 14.cxd5 Ne7 15.Ng3 Kg8 16.Nh5
Bh8 17.Bb2 Ng6 18.Rf3 Rf7 19.Rg3 Qh4 20.Kh1 Bd7 21.Rh3 Qe7 22.Qc2 Rc8 23.Rg1
c6 24.dxc6 Bxc6 25.Rg3 Qe6 26.Bxc6 Rxc6 27.Qg2 Kf8 28.a4 Qb3 29.Rxg6 hxg6
30.Qxg6 Qxb2 31.Qg8+ Ke7 32.Qxh8 Qe2 {#R} 0-1

[Event "It (open) \"]
[Site "Belgium"]
[Round "3"]
[White "Degembe Pierre (BEL)"]
[Black "Verspecht Thierry (BEL)"]
[Result "0-1"]
[WhiteElo "2018"]
[BlackElo "2072"]

1.c4 g6 2.Nc3 Bg7 3.g3 e5 4.Bg2 Nc6 5.d3 d6 6.Rb1 a5 7.a3 Nf6 8.b4 axb4 9.axb4
O-O 10.e3 Ne7 11.Nf3 h6 12.O-O Nh5 13.Nh4 c6 14.b5 Be6 15.bxc6 bxc6 16.Rb7 d5
17.c5 Nf6 18.d4 Bc8 19.Rb4 Ba6 20.Re1 Qa5 21.Rb3 Bc4 22.Rb7 Qxc3 23.Bb2 Qa5
24.Rxe7 Rfb8 25.Ba1 e4 26.Bh3 Bf8 27.Nxg6 fxg6 28.Re6 Kg7 29.Rxc6 Bd3 30.Rb6
Rxb6 31.cxb6 Bb4 32.b7 Rb8 {#R} 0-1

[Event "Cup Bern"]
[Site "Bern (Switzerland)"]
[Round "5"]
[White "Hickl Joerg (GER)"]
[Black "Hodgson Julian M (ENG)"]
[Result "1-0"]
[WhiteElo "2600"]
[BlackElo "2550"]

1.g3 e5 2.Bg2 Nc6 3.d3 g6 4.c4 Bg7 5.Nc3 d6 6.Rb1 a5 7.a3 f5 8.b4 axb4 9.axb4
Nf6 10.Nf3 h6 11.O-O O-O 12.b5 Ne7 13.Bb2 Be6 14.Ra1 Rc8 15.Ra7 b6 16.Qb3 g5
17.Nd2 h5 18.Rfa1 h4 19.Ra8 g4 20.Rxc8 Nxc8 21.e3 Ne7 22.Ra8 Qd7 23.Rxf8+ Kxf8
24.Bb7 Qe8 25.Kf1 Nd7 26.Ba3 Bg8 27.Bb4 f4 28.gxf4 exf4 29.exf4 Bh6 30.Ne2 Ng6
31.Qa3 Be6 32.Ne4 Bf5 33.Bxd6+ cxd6 34.Nxd6 Qb8 35.Nxf5+ Nc5 36.Be4 Bg7 37.d4
Qe8 38.Bd3 Qxe2+ 39.Bxe2 {#r} 1-0

[Event "It (open)"]
[Site "Cannes (France)"]
[Round "3"]
[White "Brumen Dinko (CRO)"]
[Black "Bricard Emmanuel (FRA)"]
[Result "0-1"]
[WhiteElo "2330"]
[BlackElo "2475"]

1.c4 e5 2.Nc3 Nc6 3.g3 g6 4.Bg2 Bg7 5.d3 d6 6.e4 f5 7.Nge2 Nh6 8.O-O O-O 9.Nd5
Be6 10.Be3 Qd7 11.Qc1 Nf7 12.Qd2 Rae8 13.Rab1 Nd4 14.b4 fxe4 15.dxe4 c6
16.Bxd4 exd4 17.Ndf4 Bxc4 18.Rfc1 Ne5 19.Nxd4 Bh6 20.Nf3 Nxf3+ 21.Bxf3 b5
22.Bg2 Rd8 23.Rc3 Qf7 24.a4 Bxf4 25.gxf4 Qxf4 26.Qxf4 Rxf4 27.Rd1 Kf7 28.f3
Ke6 29.Kf2 Rdf8 30.Bh3+ Ke7 31.Ra1 a6 32.axb5 Bxb5 33.Re3 g5 34.Kg3 h5 35.Rd1
Rb8 36.Bf5 Bc4 37.Rd4 Rxb4 38.Ra3 h4+ 39.Kh3 {#R} 0-1

[Event "It (open)"]
[Site "Celle Ligure (Italy)"]
[Round "0"]
[White "Cordara Michele (ITA)"]
[Black "Cazzaniga Walter (ITA)"]
[Result "0-1"]
[WhiteElo "2075"]
[BlackElo "2118"]

1.c4 e5 2.Nc3 Nc6 3.g3 g6 4.Bg2 Bg7 5.d3 d6 6.Rb1 a5 7.a3 h5 8.h4 Nh6 9.b4
axb4 10.axb4 O-O 11.Bg5 f6 12.Bd2 Kh7 13.Nf3 Be6 14.O-O Ne7 15.Qc2 c6 16.Ne4
Bf5 17.Nc3 Qd7 18.e4 Bh3 19.Ra1 Bxg2 20.Kxg2 Ng4 21.Na4 Qc7 22.c5 Nc8 23.cxd6
Nxd6 24.Nc5 Qe7 25.Qb3 Rfe8 26.Qb2 Nb5 27.Rxa8 Rxa8 28.Ra1 Rxa1 29.Qxa1 b6
30.Nb3 Qd6 31.d4 exd4 32.Qa6 Qe6 33.Nbxd4 Nxd4 34.Nxd4 Qxe4+ 35.Nf3 Ne5 {#R}
0-1

[Event "It (open)"]
[Site "Dresden (Germany)"]
[Round "2"]
[White "Troyke Christian (GER)"]
[Black "Sanchez Guirado Francisco (ESP)"]
[Result "1-0"]
[WhiteElo "2360"]
[BlackElo "2360"]

1.g3 g6 2.Bg2 Bg7 3.c4 e5 4.Nc3 d6 5.d3 Nc6 6.e3 f5 7.Nge2 Nf6 8.O-O O-O 9.Rb1
a5 10.b3 Ne7 11.Bb2 c6 12.Qd2 d5 13.cxd5 cxd5 14.Ba3 Rf7 15.f4 d4 16.exd4 exd4
17.Nb5 Ng4 18.Rfc1 Nc6 19.Bc5 Rd7 20.h3 Nh6 21.Rc4 Rb8 22.Rbc1 Nf7 23.Kh2 Qf6
24.Na7 Nfd8 25.Nxc8 Rxc8 26.Bxd4 Qd6 27.Bxg7 Kxg7 28.Qb2+ Kg8 29.d4 Rcc7 30.d5
Nb4 31.Rxc7 Rxc7 32.Rxc7 Qxc7 33.a3 Qc2 34.Qe5 Nf7 35.Qe8+ Kg7 36.axb4 axb4
37.Nd4 {#r} 1-0

[Event "Bundesliga 1996/97"]
[Site "Germany"]
[Round "0"]
[White "Schlemmermeyer Wilhelm (GER)"]
[Black "Schneider Bernhard (GER)"]
[Result "1-0"]
[WhiteElo "2310"]
[BlackElo "2231"]

1.g3 g6 2.Bg2 Bg7 3.c4 e5 4.Nc3 Nc6 5.d3 d6 6.Rb1 f5 7.e3 Nf6 8.Nge2 O-O 9.O-O
g5 10.f4 h6 11.Nd5 Be6 12.b4 a6 13.a4 Rb8 14.b5 axb5 15.axb5 Ne7 16.e4 gxf4
17.gxf4 fxe4 18.dxe4 Kh7 19.fxe5 dxe5 20.Ba3 Bxd5 21.exd5 Ra8 22.Qd3+ Kh8
23.Ng3 e4 24.Nxe4 Ng4 25.Rxf8+ Qxf8 26.Rf1 Qd8 27.Qh3 Ng8 28.Bc1 Qd7 29.Ng5
Bd4+ 30.Kh1 Ra1 31.Ne6 N8f6 32.Qxg4 {#r} 1-0

[Event "Oberliga North 1996/97"]
[Site "Germany"]
[Round "0"]
[White "Bloess Andre (GER)"]
[Black "Sahlender Frank (GER)"]
[Result "1-0"]
[WhiteElo "2087"]
[BlackElo "2219"]

1.c4 e5 2.Nc3 Nc6 3.g3 g6 4.Bg2 Bg7 5.d3 d6 6.e4 Nf6 7.Nge2 O-O 8.O-O Nh5
9.Nd5 Be6 10.Nec3 Nd4 11.g4 Nf6 12.Nxf6+ Qxf6 13.g5 Qd8 14.f4 exf4 15.Bxf4 c6
16.Qd2 a6 17.Rac1 Re8 18.Kh1 Qd7 19.b3 Rad8 20.Ne2 Nxe2 21.Qxe2 d5 22.cxd5
Bxd5 23.Rfd1 Bd4 24.Bf3 c5 25.Qg2 Bc6 26.Bg4 Qe7 27.Bf3 a5 28.h4 a4 29.h5 axb3
30.axb3 Ra8 31.Rf1 Ra3 32.Rb1 Rc8 33.hxg6 fxg6 34.Bg4 Ra2 35.Qh3 Re8 36.Be3
Bxe4+ 37.dxe4 Qxe4+ 38.Qf3 Qxf3+ 39.Bxf3 Rxe3 40.Bd5+ Kg7 {#r} 1-0

[Event "Oberliga Northwest 1995/96"]
[Site "Germany"]
[Round "0"]
[White "Wenzel Reinhard (GER)"]
[Black "Plischki Sebastian (GER)"]
[Result "1-0"]
[WhiteElo "2244"]
[BlackElo "2337"]

1.c4 e5 2.g3 Nc6 3.Bg2 g6 4.Nc3 Bg7 5.d3 d6 6.Bd2 Be6 7.Rb1 a5 8.a3 Qd7 9.h3
Nge7 10.Nd5 O-O 11.Qa4 Qc8 12.e3 Bd7 13.Qc2 Nxd5 14.cxd5 Ne7 15.Rc1 c6 16.dxc6
Bxc6 17.Nf3 Qd7 18.O-O Rfc8 19.Qb1 a4 20.e4 Bb5 21.Bc3 Nc6 22.h4 Bh6 23.Rcd1
Rf8 24.Rfe1 Bg7 25.d4 Qe7 26.Qa2 Rfd8 27.Bh3 h5 28.Qd5 exd4 29.Bd2 Ba6 30.Bg5
Bf6 31.Nxd4 Bxg5 32.Qxg5 Qxg5 33.hxg5 Ne5 34.Rd2 Rac8 35.Bxc8 Rxc8 36.f4 Ng4
37.Ne2 Rc4 38.Nc3 {#r} 1-0

[Event "Oberliga NRW 1996/97"]
[Site "Germany"]
[Round "1"]
[White "Aumann Welf (GER)"]
[Black "Berg Daniel (GER)"]
[Result "0-1"]
[WhiteElo "2280"]
[BlackElo "2230"]

1.c4 e5 2.g3 Nc6 3.Bg2 g6 4.Nc3 Bg7 5.d3 d6 6.e3 Be6 7.Rb1 a5 8.a3 Nge7 9.Nd5
Qd7 10.Ne2 Nd8 11.Nec3 O-O 12.O-O Nc8 13.e4 c6 14.Ne3 Ne7 15.f4 f5 16.Nc2 Nf7
17.Be3 Nh6 18.Qd2 Ng4 19.Rbe1 Bh6 20.Ne2 a4 21.Qd1 Rf7 22.Bc1 fxe4 23.Bxe4 d5
24.cxd5 Nxd5 25.fxe5 Bxc1 26.Qxc1 Nxe5 27.Rxf7 Bxf7 28.Qg5 Qe7 29.Qxe7 Nxe7
30.Nc3 Rd8 31.Nxa4 Bb3 32.d4 Bxc2 33.dxe5 Bxa4 34.Rc1 Rd1+ 35.Rxd1 Bxd1 36.Kf2
Kf7 37.Ke3 Bb3 38.Kd4 Bd5 39.Bd3 Ke6 {#R} 0-1

[Event "Oberliga SW 1995/96"]
[Site "Germany"]
[Round "0"]
[White "Becker Marcel (GER)"]
[Black "Bastian Herbert (GER)"]
[Result "0-1"]
[WhiteElo "2150"]
[BlackElo "2365"]

1.c4 e5 2.g3 Nc6 3.Bg2 g6 4.Nc3 Bg7 5.d3 d6 6.Rb1 a5 7.a3 f5 8.Nf3 Nf6 9.b4
axb4 10.axb4 O-O 11.b5 Ne7 12.Qb3 Kh8 13.O-O h6 14.c5 g5 15.Ba3 Ng6 16.b6 c6
17.cxd6 Rg8 18.d4 e4 19.Ne5 Nxe5 20.dxe5 Nd5 21.Nxd5 Be6 22.Rfd1 Bxe5 23.Bb2
Bg7 24.f3 Bxd5 25.Bxg7+ Rxg7 26.Qc3 Qxd6 27.fxe4 fxe4 28.Bxe4 Ra3 29.Qd4 Rxg3+
30.hxg3 Qxg3+ 31.Kf1 Bxe4 32.Ra1 Bg2+ {#R} 0-1

[Event "Ch Germany (juniors) (under 20)"]
[Site "Halle (Germany)"]
[Round "8"]
[White "Wilhelmi Christian (GER)"]
[Black "Enzmann Steffen (GER)"]
[Result "1-0"]
[WhiteElo "2355"]
[BlackElo "2135"]

1.c4 e5 2.Nc3 Nc6 3.g3 g6 4.Bg2 Bg7 5.d3 d6 6.e4 Nge7 7.Nge2 h5 8.h4 Be6 9.Nd5
O-O 10.Bg5 f6 11.Be3 Qd7 12.Qd2 Kh7 13.O-O Ng8 14.Rac1 Nce7 15.d4 c6 16.Nxe7
Qxe7 17.d5 Bf7 18.c5 Rfd8 19.Qb4 cxd5 20.exd5 dxc5 21.Bxc5 Qd7 22.d6 Bh6 23.f4
exf4 24.Nxf4 Bxf4 25.Qxf4 Qb5 26.Bd4 Rac8 27.Rc7 Rxc7 28.dxc7 Rf8 29.Rc1 Be6
30.Qd6 Qe8 31.Bxb7 Bc8 32.Bxc8 {#r} 1-0

[Event "It (open)"]
[Site "Hastings (England)"]
[Round "6"]
[White "McNab Colin A (SCO)"]
[Black "Moss Robin (ENG)"]
[Result "1-0"]
[WhiteElo "2465"]
[BlackElo "2289"]

1.c4 g6 2.g3 Bg7 3.Bg2 d6 4.Nc3 Nc6 5.d3 e5 6.e4 Be6 7.Nge2 Qd7 8.Nd5 Nce7
9.h4 c6 10.Nxe7 Nxe7 11.h5 d5 12.Qc2 dxc4 13.dxc4 O-O-O 14.Be3 Kb8 15.b3 Bf6
16.Qb2 Bg4 17.f3 Qd3 18.Kf2 Bc8 19.Rad1 Qxd1 20.Rxd1 Rxd1 21.Bg5 Bxg5 22.Qxe5+
Ka8 23.Qxh8 Bd2 24.Bh3 {#r} 1-0

[Event "Ch Finland"]
[Site "Helsinki (Finland)"]
[Round "9"]
[White "Yrjola Jouni (FIN)"]
[Black "Puranen Jukka (FIN)"]
[Result "1-0"]
[WhiteElo "2435"]
[BlackElo "2320"]

1.c4 e5 2.g3 Nc6 3.Bg2 g6 4.Nc3 Bg7 5.d3 d6 6.Rb1 a5 7.a3 Nge7 8.b4 axb4
9.axb4 O-O 10.e3 f5 11.Nge2 g5 12.b5 Nb8 13.Nd5 f4 14.exf4 gxf4 15.gxf4 Ng6
16.O-O Nd7 17.fxe5 Ndxe5 18.f4 Ng4 19.h3 Nh6 20.Bb2 Nf5 21.Bxg7 Kxg7 22.Qd2
Ngh4 23.Rf2 Kh6 24.Be4 c6 25.bxc6 bxc6 26.Ne3 Nxe3 27.Qxe3 Nf5 28.Bxf5 Bxf5
29.Ng3 Qd7 30.Kh2 Ra3 31.Re1 d5 32.cxd5 Qxd5 33.Qe7 {#r} 1-0

[Event "Oberliga 1995/96"]
[Site "Hessen (Germany)"]
[Round "0"]
[White "Degenhardt Horst (GER)"]
[Black "Alber Horst (GER)"]
[Result "0-1"]
[WhiteElo "2315"]
[BlackElo "2260"]

1.c4 g6 2.Nc3 Bg7 3.g3 e5 4.Bg2 d6 5.d3 Nc6 6.e3 Nf6 7.Nge2 O-O 8.O-O h5 9.e4
Nh7 10.f4 exf4 11.Bxf4 h4 12.d4 hxg3 13.hxg3 Bg4 14.Qd2 Na5 15.b3 c5 16.Bh6
Bxh6 17.Qxh6 Nc6 18.Bf3 Bxf3 19.Rxf3 Qg5 20.Qh4 cxd4 21.Nd5 Kg7 22.Rd1 Rae8
23.Nf6 Qxh4 24.Nxe8+ Rxe8 25.gxh4 Rxe4 26.Kf2 Rxh4 27.Rfd3 Rh2+ 28.Kf1 Ng5
29.Nxd4 Ne5 30.Re3 Ng4 31.Red3 Ne4 32.Nb5 Nef2 33.Nxd6 Nxd1 34.Rxd1 {#R} 0-1

[Event "Ch Yugoslavia (open)"]
[Site "Nis (Yugoslavia)"]
[Round "0"]
[White "Raicevic Ivica (SRB)"]
[Black "Cabrilo Goran (SRB)"]
[Result "0-1"]
[WhiteElo "2375"]
[BlackElo "2470"]

1.c4 e5 2.Nc3 d6 3.g3 g6 4.Bg2 Bg7 5.d3 Nc6 6.Nf3 f5 7.O-O Nf6 8.Rb1 h6 9.b4
O-O 10.a4 Be6 11.Ba3 Ne7 12.c5 g5 13.b5 b6 14.cxd6 cxd6 15.Nd2 d5 16.Qb3 Kf7
17.d4 exd4 18.Na2 Ne4 19.Qd3 Nc5 20.Qc2 Rc8 21.Nb4 Ne4 22.Nc6 Nxc6 23.bxc6 Nc3
24.Nf3 Re8 25.Qd3 Rxc6 26.e3 Nxb1 27.Rxb1 Rc3 {#R} 0-1

[Event "Ch Yugoslavia (1/2 final) (open)"]
[Site "Niska Banja (Yugoslavia)"]
[Round "8"]
[White "Ristic Nebojsa (SRB)"]
[Black "Lazic Miroljub (SRB)"]
[Result "1-0"]
[WhiteElo "2395"]
[BlackElo "2455"]

1.c4 e5 2.Nc3 Nc6 3.g3 g6 4.Bg2 Bg7 5.d3 d6 6.e4 Nge7 7.Nge2 Be6 8.Be3 O-O
9.Nd5 Qd7 10.Qa4 f5 11.h4 h6 12.h5 g5 13.Nxe7+ Qxe7 14.exf5 Bxf5 15.O-O-O e4
16.d4 Bg4 17.Nc3 Bf3 18.Bxf3 exf3 19.Qb5 Nd8 20.Qb3 c6 21.Rde1 Qd7 22.Ne4 Ne6
23.d5 cxd5 24.cxd5 Nd4 25.Bxd4 Bxd4 26.Qd3 Be5 27.Kb1 Qg7 28.Nd2 Rae8 29.Nc4
Bd4 30.Nxd6 Re2 31.Rxe2 fxe2 32.Re1 Rxf2 33.Rxe2 Rxe2 34.Qxe2 Be5 35.Nf5 Qf6
36.Nxh6+ Kh8 37.Qxe5 {#r} 1-0

[Event "Ch Yugoslavia (1/2 final) (open)"]
[Site "Niska Banja (Yugoslavia)"]
[Round "4"]
[White "Stankovic Dragan (SRB)"]
[Black "Radivojevic Milojko (SRB)"]
[Result "1-0"]
[WhiteElo "2330"]
[BlackElo "2302"]

1.g3 e5 2.Bg2 Nc6 3.c4 g6 4.Nc3 Bg7 5.d3 d6 6.e4 Be6 7.Nge2 Qd7 8.Nd5 Nd8 9.d4
c6 10.Ne3 Bh3 11.dxe5 Bxg2 12.Nxg2 dxe5 13.Qxd7+ Kxd7 14.Be3 Ne6 15.O-O-O+ Kc7
16.f3 Ne7 17.Ne1 Rad8 18.Nd3 b6 19.b4 Rd7 20.a4 Kb7 21.Kc2 f5 22.b5 c5 23.a5
Rc8 24.Kb3 Rcd8 25.Nf2 Nd4+ 26.Nxd4 exd4 27.Bg5 fxe4 28.Nxe4 h6 29.Bxe7 Rxe7
30.Kc2 Rf8 31.Rhf1 g5 32.Kd3 Be5 33.Rde1 Rf5 34.Re2 Ref7 35.Ref2 {#r} 1-0

[Event "It (open)"]
[Site "Rieden (Germany)"]
[Round "0"]
[White "Obermeier Daniel"]
[Black "Seidemann Ulricke (GER)"]
[Result "0-1"]
[WhiteElo "1945"]
[BlackElo "2067"]

1.c4 e5 2.Nc3 Nc6 3.g3 g6 4.Bg2 Bg7 5.d3 d6 6.Nf3 h6 7.O-O Be6 8.a3 f5 9.Qc2
Qd7 10.Rb1 Nge7 11.b4 O-O 12.e3 g5 13.Ne2 Ng6 14.d4 g4 15.d5 gxf3 16.dxe6 Qxe6
17.Bxf3 e4 18.Bg2 Nce5 19.c5 Nd3 20.Nd4 Bxd4 21.exd4 f4 22.Bd2 f3 23.Bh1 Ndf4
24.Bxf4 Nxf4 25.Rfe1 d5 26.Bxf3 Nh3+ 27.Kh1 Rxf3 28.Re2 Raf8 29.Rf1 e3 30.Rfe1
Nxf2+ 31.Kg2 Qh3+ 32.Kg1 Rxg3+ {#R} 0-1

[Event "Memorial M.Euwe"]
[Site "Sas Van Gent (Netherlands)"]
[Round "4"]
[White "Martens Martin (NED)"]
[Black "De Wolf Johan (NED)"]
[Result "1-0"]
[WhiteElo "2405"]
[BlackElo "2275"]

1.c4 e5 2.g3 Nc6 3.Bg2 g6 4.Nc3 d6 5.d3 Bg7 6.e3 Nge7 7.Nge2 O-O 8.O-O Be6
9.Nd5 Qd7 10.Rb1 h6 11.b4 g5 12.f4 Rae8 13.b5 Nd8 14.fxe5 Nxd5 15.cxd5 Bg4
16.exd6 cxd6 17.Qc2 f5 18.Rb4 Nf7 19.Nd4 Bxd4 20.Rxd4 Qxb5 21.h3 Bh5 22.a4 Qd7
23.Rc4 Rc8 24.Bb2 Rfe8 25.Bd4 Bg6 26.Qb3 Rxc4 27.dxc4 b6 28.a5 bxa5 29.Ra1 Qc7
30.Qc3 Rc8 31.Bf1 Ne5 32.Bxe5 dxe5 33.Qxa5 Qd6 34.Qa6 {#r} 1-0

[Event "It (open) \"]
[Site "Schwabisch Gmund (Germany)"]
[Round "2"]
[White "Appel Helmut (GER)"]
[Black "Galdunts Sergey (ARM)"]
[Result "0-1"]
[WhiteElo "2212"]
[BlackElo "2465"]

1.c4 e5 2.g3 Nc6 3.Bg2 g6 4.Nc3 Bg7 5.d3 d6 6.Nf3 Nf6 7.Rb1 O-O 8.O-O Bf5 9.e4
Bg4 10.h3 Be6 11.b4 h6 12.Nd5 Ne8 13.b5 Nb8 14.Nh4 Nd7 15.Be3 c6 16.bxc6 bxc6
17.Nb4 Nb8 18.a3 Kh7 19.Kh2 Nf6 20.Qa4 Nh5 21.Na6 Nxa6 22.Qxa6 c5 23.Bd2 Nf4
24.Bxf4 exf4 25.e5 Bxe5 26.Nf3 fxg3+ 27.fxg3 Bg7 28.Nd2 d5 29.Qb7 dxc4 30.Qxa8
Qxd3 31.Qxa7 Qxd2 32.Qxc5 Rc8 33.Qf2 Qa5 34.Qe3 c3 35.Be4 Qh5 36.Bg2 c2
37.Rbc1 Rc3 38.Qd2 Be5 39.Rfe1 Bxg3+ 40.Kg1 Bxe1 {#R} 0-1

[Event "It (open)"]
[Site "Seefeld (Austria)"]
[Round "0"]
[White "Piven Igor (UKR)"]
[Black "Gottschlich Carsten (GER)"]
[Result "1-0"]
[WhiteElo "2385"]
[BlackElo "2195"]

1.c4 e5 2.g3 Nc6 3.Bg2 g6 4.Nc3 Bg7 5.d3 d6 6.e4 Nge7 7.Nge2 Be6 8.Nd5 h6
9.Be3 Nd4 10.Nxd4 exd4 11.Bd2 c6 12.Nf4 Bd7 13.O-O a5 14.b3 O-O 15.a3 f5
16.exf5 Bxf5 17.g4 Bd7 18.h3 g5 19.Nh5 Ng6 20.f4 Nxf4 21.Nxf4 gxf4 22.Bxf4 Rf6
23.Qd2 Qb6 24.b4 axb4 25.axb4 Raf8 26.Bxd6 Rxd6 27.c5 Qc7 28.Rxf8+ Bxf8 29.Qf4
Be8 30.Rf1 Bf7 31.cxd6 Bxd6 32.Qxh6 Bf8 33.Qg5+ Bg7 34.Qf4 Qxf4 35.Rxf4 Bg6
36.Be4 Bh6 37.g5 Bxe4 38.Rxe4 Bf8 39.Rxd4 c5 40.Rd7 {#r} 1-0

[Event "Ch Czech Republic (juniors) (under 10)"]
[Site "Svetla nad Sazavou (Czech Republic)"]
[Round "0"]
[White "Kalivoda Jiri (CZE)"]
[Black "Umanec Filip (CZE)"]
[Result "1-0"]
[WhiteElo "2152"]
[BlackElo "2186"]

1.c4 e5 2.g3 d6 3.Bg2 Nc6 4.Nc3 g6 5.d3 Bg7 6.Nf3 Nf6 7.O-O O-O 8.Bg5 Qe8
9.Bxf6 Bxf6 10.Nd5 Bd8 11.e4 Bg4 12.h3 Be6 13.a3 Qd7 14.Kh2 Ne7 15.Nf6+ Kg7
16.Nxd7 {#r} 1-0

[Event "Ch Greece (juniors) (under 16)"]
[Site "Athens (Greece)"]
[Round "3"]
[White "Nikolaou Georgios (GRE)"]
[Black "Kokolias Konstantinos (GRE)"]
[Result "0-1"]
[WhiteElo "2250"]
[BlackElo "2154"]

1.c4 e5 2.Nc3 Nc6 3.g3 g6 4.Bg2 Bg7 5.d3 d6 6.e3 f5 7.Nge2 Nf6 8.Rb1 O-O 9.O-O
Be6 10.Nd5 Rb8 11.Qa4 a6 12.b4 Ne7 13.Nxe7+ Qxe7 14.b5 Qd7 15.Qb4 axb5 16.Qxb5
Qxb5 17.Rxb5 c6 18.Rb4 e4 19.dxe4 Nxe4 20.Bxe4 fxe4 21.Nf4 Bf7 22.Rd1 Be5
23.c5 dxc5 24.Rxe4 Bxf4 25.Rxf4 Bxa2 26.Rxf8+ Kxf8 27.Ba3 b6 28.Rd2 Bd5 29.Rb2
Ra8 30.e4 Be6 {#R} 0-1

[Event "It (cat.9)"]
[Site "Alushta (Ukraine)"]
[Round "5"]
[White "Prokopchuk Evgeny (RUS)"]
[Black "Golubev Mikhail (UKR)"]
[Result "1-0"]
[WhiteElo "2475"]
[BlackElo "2520"]

1.c4 g6 2.Nc3 Bg7 3.g3 e5 4.Bg2 Nc6 5.d3 d6 6.Rb1 f5 7.e3 Nf6 8.Nge2 O-O 9.b4
a6 10.O-O g5 11.f4 gxf4 12.exf4 Ne7 13.Kh1 c6 14.c5 Ng6 15.cxd6 exf4 16.Nxf4
Qxd6 17.Na4 Be6 18.Nxe6 Qxe6 19.Qb3 Nd5 20.Nb6 Rad8 21.Bg5 Rd6 22.Rbe1 Qf7
23.Nxd5 cxd5 24.Re2 h6 25.Bd2 Kh7 26.b5 axb5 27.Bb4 Rfd8 28.Bxd6 Rxd6 29.Ref2
f4 30.Be4 Qd7 31.Bxg6+ Rxg6 32.Rxf4 Rxg3 33.Rf7 Qe6 34.Qxb5 Kg6 35.Rxg7+ {#r}
1-0

[Event "It (open)"]
[Site "Bad Zwesten (Germany)"]
[Round "1"]
[White "Engel Harald"]
[Black "Mohr Stefan (GER)"]
[Result "0-1"]
[WhiteElo "1860"]
[BlackElo "2400"]

1.c4 e5 2.Nc3 d6 3.g3 Nc6 4.Bg2 g6 5.d3 Bg7 6.Nf3 f5 7.Rb1 Nf6 8.b4 h6 9.Bd2
O-O 10.Qc1 g5 11.h4 g4 12.Nh2 Kh7 13.O-O a6 14.a4 Nd4 15.e3 Ne6 16.Nd5 h5
17.b5 axb5 18.axb5 Nxd5 19.Bxd5 f4 20.Bxe6 fxg3 21.fxg3 Bxe6 22.e4 Rxf1+
23.Qxf1 Ra2 24.Bg5 Qa8 25.Qc1 Qa4 26.Qd1 Qxd1+ 27.Rxd1 c6 28.bxc6 bxc6 29.Nf1
d5 30.cxd5 cxd5 31.exd5 Bxd5 32.Rd2 Ra1 33.Kf2 Bf8 34.Be3 Bb4 35.Rc2 Be1+
36.Kg1 Bxg3 37.Bf2 Bf4 38.Rc7+ Kg6 39.Rd7 Bf3 {#R} 0-1

[Event "It (open)"]
[Site "Barbera (Spain)"]
[Round "2"]
[White "Bravo Barranco Narciso (ESP)"]
[Black "Gual Pascual Antonio (ESP)"]
[Result "0-1"]
[WhiteElo "2260"]
[BlackElo "2420"]

1.c4 e5 2.Nc3 Nc6 3.g3 g6 4.Bg2 Bg7 5.d3 d6 6.Nf3 f5 7.O-O Nf6 8.Rb1 a5 9.a3
O-O 10.b4 axb4 11.axb4 h6 12.b5 Ne7 13.c5 Kh7 14.cxd6 cxd6 15.Qb3 Nd7 16.Ba3
Nc5 17.Bxc5 dxc5 18.Nd2 e4 19.Qc2 exd3 20.exd3 Ra3 21.Nb3 f4 22.Rfe1 fxg3
23.hxg3 Bf5 24.Ne4 b6 25.Rbd1 Bg4 26.Rd2 Nf5 27.Qc4 Nd4 28.Nxd4 Bxd4 29.Ra2
Rxa2 30.Qxa2 Bd7 31.Qa6 Qc7 32.Qa2 Bf5 33.Re2 Rd8 34.Qb3 Qd7 35.Nd2 Bxd3
36.Bc6 Qc7 {#R} 0-1

[Event "Ch Bayern"]
[Site "Bayern (Germany)"]
[Round "5"]
[White "Reich Thomas (GER)"]
[Black "Heika Martin (GER)"]
[Result "0-1"]
[WhiteElo "2355"]
[BlackElo "2260"]

1.c4 e5 2.Nc3 Nc6 3.g3 g6 4.Bg2 Bg7 5.d3 d6 6.Nf3 Nf6 7.O-O O-O 8.Bd2 h6 9.Rb1
a5 10.Ne1 Ne7 11.Nc2 c6 12.Ne4 Nxe4 13.dxe4 Be6 14.Ne3 f5 15.exf5 gxf5 16.f4
Ng6 17.Kh1 exf4 18.gxf4 d5 19.cxd5 cxd5 20.Qb3 Rf7 21.Nc2 Nh4 22.Qe3 Re7
23.Nd4 Nxg2 24.Kxg2 Bf7 25.Qg3 Ra6 26.Kh1 Rg6 27.Qf2 Bxd4 28.Qxd4 Rxe2 29.Qd3
Ree6 30.Rg1 d4 31.Rg3 Rxg3 32.hxg3 Qe8 33.Rc1 Re2 34.Qxd4 b6 {#R} 0-1